| 000 | 00397nam a22001697a 4500 | ||
|---|---|---|---|
| 003 | OSt | ||
| 005 | 20211210100214.0 | ||
| 008 | 211210b |||||||| |||| 00| 0 eng d | ||
| 020 | _a9780071287753 | ||
| 040 | _cHU | ||
| 082 | _a330 COL 2008 | ||
| 100 |
_a Colander, David C. _98910 |
||
| 245 | _aEconomics | ||
| 260 | _c2008 | ||
| 300 |
_aXXXV818P _bG,Index,pc _c27cm |
||
| 942 |
_2ddc _cBOOKS _n0 |
||
| 999 |
_c22232 _d22232 |
||